1624 1016 1475 1443 1112 1699 1282 1357 1522 1321 1740 1699 1896 1467 1603 1354 1629 1596 1755 1102 1572 1880 1714 1461 1973 1679 1338 1172 1834 1360 1980 1663 1085 1712 1298 1706 1616 1724 1823 1566 1968 1506 1623 1539 1318 1893 1614 1906 1814 1538 1433 1982 1829 1378 1890 1446 1189 1162 1630 1269 1601 1246 1717 1913 1770 1643 1694 1251 1329 1174 1575 1076 1572 1577 1941 1150 1008 1756 1548 1256 1118 1521 1523 1336 1402 1071 1130 1741 1387 1904 1164 1870 1449 1898 1293 1314 1053 1224 1607 BCNSPRNW ULIB Ver.6.0+V

เปลี่ยนเป็นภาษาไทย

Change to English
 แสดงรายละเอียดบรรณานุกรม
  กลับหน้าหลัก

Brief Record : Get Marc (ISO 2709) : E-mail record : QR code < ปิดหน้าต่าง
LEADER : 00000nam 2200000uu 4500
001    13399110207
003     ULIB
008    110425s2544||||th 000 0 tha d
020    9746542788
060 04 WL346^bค54ก 2544
245 00 คู่มือการดูแลผู้ป่วยอัมพาตที่บ้าน /^cบรรณาธิการ, เจียมจิต แสงสุวรรณ, อัจฉรา หล่อวิจิตร
260    ขอนแก่น :^bขอนแก่นการพิมพ์,^c2544
300    198 หน้า :^bภาพประกอบ ;^c21 ซม.
650  7 กายภาพบำบัด
650  7 ผู้ป่วย, การจัดการดูแล
650  7 ผู้ป่วย, การวางแผนดูแล
650  7 อัมพาต^xการฟื้นฟูสมรรถภาพ
700 0  เจียมจิต แสงสุวรรณ,^eบรรณาธิการ
700 0  อัจฉรา หล่อวิจิตร,^eบรรณาธิการ
710 2  มหาวิทยาลัยขอนแก่น.^bภาควิชาการพยาบาลอายุรศาสตร์และศัลยศาสตร์
945    ^p100^l0^i013732
945    ^p100^l0^i013731
945    ^p100^l0^i013733
995    ทศพร
999 ^a ใช้งานได้ทุกระบบ
รายการนี้ยังไม่มีแท็ก
คุณยังไม่ได้ล็อกอิน คุณสามารถมีกิจกรรมร่วมกับเว็บไซต์ได้ แต่ต้องล็อกอินก่อน ::
  ล็อกอิน

รายการสื่อสารสนเทศ

ลำดับที่ ประเภท เลขเรียก/บาร์โค้ด สถานที่ สถานะ
- ไม่พบข้อมูล -

รายการใกล้เคียง
    หัวเรื่อง [กายภาพบำบัด]
    หัวเรื่อง [ผู้ป่วย, การจัดการดูแล]
    หัวเรื่อง [ผู้ป่วย, การวางแผนดูแล]

BibComment


ยังไม่เคยถูกคอมเมนท์

คอมเมนท์ทรัพยากรรายการนี้
  คอมเมนท์: คู่มือการดูแลผู้ป..


 Copyright 2026. Bcnsprnw @Library